000 00582nam a2200205Ia 4500
003 OSt
005 20230530110343.0
008 210423s1990 xx 000 0 und d
040 _cAL
041 _aeng
082 _a362.1
_223
_bRADA
100 _aRADHIKA V M
_962195
245 _aAyurvedic principles of food and nutritions
260 _aBangalore
_bCentr for social action
_c1990
365 _cINR
648 _2Social problems
_aSocial services
_962307
700 _aBalasubramanian, A V
_962308
906 _aAyurvedic ; food ; nutritions. ; principles
942 _2ddc
_cBK
999 _c174469
_d174469